=LDR 00000nam 2200000 4500 =001 INLIS000000000051264 =005 20170906084229 =035 ##$$a 0010-0917000068 =007 ta =008 170906###########################0###### =020 ##$$a 978-979-25-4807-5 =082 ##$$a 650.1 =084 ##$$a 650.1 ARI j =100 #$$a Ari Raditya =245 1#$$a Jatuh Bangun Perusahaan Ternama Dunia /$c Ari Raditya =250 ##$$a cet.2 =260 ##$$a Yogyakarta :$b Javalitera,$c 2016 =300 ##$$a 16 hlm : $b ilus. ; $c 20 cm =650 ##$$a Sukses dalam Bisnis =700 #$$a Meita Saudra =504 ##$$a Bibliografi : hLM.159-160 Indeks : 161-162 =990 ##$$a 1039610396 =990 ##$$a 1039610396 =990 ##$$a 1039610396 =990 ##$$a 1039610396 =990 ##$$a 1039610396 =990 ##$$a 21702931 =990 ##$$a 01201710396 =990 ##$$a 01201710397 =990 ##$$a 01201710398 =990 ##$$a 01201710399 =990 ##$$a 21702932 =990 ##$$a 01201710396 =990 ##$$a 01201710397 =990 ##$$a 01201710398 =990 ##$$a 21702931 =990 ##$$a 21702933 =990 ##$$a 01201710396 =990 ##$$a 01201710397 =990 ##$$a 21702932 =990 ##$$a 21702931 =990 ##$$a 21702934 =990 ##$$a 01201710396 =990 ##$$a 21702933 =990 ##$$a 21702932 =990 ##$$a 21702931 =990 ##$$a 21702935 =990 ##$$a 21702934 =990 ##$$a 21702933 =990 ##$$a 21702932 =990 ##$$a 21702931 =990 ##$$a 21702933 =990 ##$$a 21702935 =990 ##$$a 21702934 =990 ##$$a 21702932 =990 ##$$a 21702931 =990 ##$$a 21702933 =990 ##$$a 21702935 =990 ##$$a 21702934 =990 ##$$a 21702932 =990 ##$$a 21702931